Die Zurechnungsfähigkeit der Sexualdelinquenten

Gespeichert in:  
Bibliographische Detailangaben
1. VerfasserIn: Witter, Hermann (Verfasst von)
Medienart: Druck Aufsatz
Sprache:Deutsch
Veröffentlicht: 1970
In: 15. Tagung ... vom 2. bis 5. Oktober 1969 in Saarbrücken
Jahr: 1970, Seiten: 198-207
Verfügbarkeit prüfen: HBZ Gateway
Schlagwörter:

MARC

LEADER 00000caa a22000002c 4500
001 1636808468
003 DE-627
005 20260219163125.0
007 tu
008 140311s1970 xx ||||| 00| ||ger c
020 |a 3432016530 
035 |a (DE-627)1636808468 
035 |a (DE-576)402146530 
035 |a (DE-599)BSZ402146530 
040 |a DE-627  |b ger  |c DE-627  |e rakwb 
041 |a ger 
100 1 |a Witter, Hermann  |4 aut 
245 1 4 |a Die Zurechnungsfähigkeit der Sexualdelinquenten  |c Hermann Witter 
264 1 |c 1970 
336 |a Text  |b txt  |2 rdacontent 
337 |a ohne Hilfsmittel zu benutzen  |b n  |2 rdamedia 
338 |a Band  |b nc  |2 rdacarrier 
773 0 8 |i In  |t 15. Tagung ... vom 2. bis 5. Oktober 1969 in Saarbrücken  |d 1970  |g (1970), Seite 198-207  |h VI, 262 S.  |w (DE-627)1072403439  |w (DE-576)002403439  |z 3432016530  |7 nnam 
773 1 8 |g year:1970  |g pages:198-207 
951 |a AR 
ELC |b 1 
LOK |0 000 xxxxxcx a22 zn 4500 
LOK |0 001 3294537956 
LOK |0 003 DE-627 
LOK |0 004 1636808468 
LOK |0 005 20260219161429 
LOK |0 008 140311||||||||||||||||ger||||||| 
LOK |0 040   |a DE-21-110  |c DE-627  |d DE-21-110 
LOK |0 689   |a s  |a Zurechnungsfähigkeit 
LOK |0 689   |a s  |a Sexualdelinquenten 
LOK |0 852   |a DE-21-110 
LOK |0 852 1  |m p  |9 00 
LOK |0 935   |a k110 
LOK |0 938   |k p 
LOK |0 939   |a 11-03-14  |b l01 
ORI |a WA-MARC-krimdoka001.raw